MARC

LEADER 00000nam a2200000Ia 4500
001 24199
008 160829s9999 xx 000 0 cat d
080 |a FU-64-93 
245 |a [Xarxa Local de Consum i Oficina municipal d'informació i defensa del consumidor] 
260 |a [Barcelona] :  |b Diputació de Barcelona. Àrea de Salut Pública i Consum. Servei de Suport a les Polítiques de Consum, DL 2011 
300 |a 1 f. plegat en 5 parts :  |b  il. col., fot. ;  |c 51 x 42 cm plegat a 17 x 10 cm 
650 0 |a Consumidors  |x Protecció  |x Dret i legislació  |z Barcelona (Província)  |9 50477 
710 1 |a Barcelona (Catalunya : Província).  |b Servei de Suport a les Polítiques de Consum  |9 52739 
901 |a Arxiu 
942 |n 1 
952 |0 0  |1 0  |4 0  |6 FU6493  |7 1  |9 55211  |a Arxiu  |b Arxiu  |d 2016-12-01  |l 0  |o FU-64-93  |p 24199  |r 2016-12-01 00:00:00  |w 2016-12-01  |y ARXIU 
999 |c 59083  |d 59083